| 000 | 00340 a2200109 4500 | ||
|---|---|---|---|
| 020 | _a0471985716 | ||
| 082 | _a333.91 GRE | ||
| 100 | _aGreen, Colin | ||
| 245 |
_aHandbook of water economics principles and practice _cColin Green |
||
| 260 |
_aEngland : _bJohn Wiley and Sons : _c2003 |
||
| 300 |
_a443p. : _bill ., graphs., ; _c24 cm |
||
| 650 | _aWater Resources Development | ||
| 999 |
_c307 _d307 |
||